Mecatrónica: sistemas de control electrónico en la ingeniería mecánica y eléctrica
Saved in:
| Hovedforfatter: | |
|---|---|
| Format: | Bog |
| Sprog: | spansk |
| Udgivet: |
Ciudad de México
Alfaomega
2006
|
| Udgivelse: | 3a. ed |
| Fag: | |
| Tags: |
Tilføj Tag
Ingen Tags, Vær først til at tagge denne postø!
|
MARC
| LEADER | 00000nam a2200000 a 4500 | ||
|---|---|---|---|
| 001 | UCJ1136 | ||
| 003 | CL-VaPUC | ||
| 008 | 060929e20060000MX |||||||||||||||||spa|d | ||
| 020 | |a 9701511174 | ||
| 082 | 0 | 4 | |a 621.38 |b BOL |2 21 |
| 100 | |a Bolton, William |e author |9 550702 | ||
| 245 | 1 | 0 | |a Mecatrónica: sistemas de control electrónico en la ingeniería mecánica y eléctrica |
| 250 | |a 3a. ed | ||
| 300 | |a 574 p | ||
| 942 | |c BK | ||
| 945 | |d 20060929 00:00:00 |a jtorresc | ||
| 260 | |a Ciudad de México |b Alfaomega |c 2006 | ||
| 500 | |a www.alfaomega.com.mx | ||
| 650 | 7 | |a INGENIERIA ELECTRONICA |2 CL-VaPUC |9 356858 | |
| 650 | 0 | |a Sistemas de control electrónico |9 463801 | |
| 650 | 7 | |a CONTROLADORES |2 CL-VaPUC |9 463802 | |
| 650 | 7 | |a SISTEMAS MECANICOS |2 CL-VaPUC |9 373487 | |
| 650 | 0 | |a Aplicación de computadores |9 485595 | |
| 583 | |a last modification |c 20060929 00:00:00 |k Rodrigo Vera | ||
| 999 | |c 317847 |d 317845 | ||
| 952 | |0 0 |1 0 |2 ddc |4 0 |6 621_380000000000000_BOL_2006 |7 0 |8 A |9 394837 |a BIBING |b BIBING |c RES |d 2019-11-22 |i 4281640 |o 621.38 BOL 2006 |p 4281640 |r 2025-01-20 |w 2019-11-22 |y BK |k EIE | ||
| 952 | |0 0 |1 0 |4 0 |6 621_380000000000000_BOL_2006 |7 0 |8 A |9 394839 |a BIBMEC |b BIBMEC |d 2019-11-22 |i 4507126 |l 1 |o 621.38 BOL 2006 |p 4507126 |r 2024-01-19 |s 2022-04-01 |w 2019-11-22 |y BK |k MEC | ||